Регионална библиотека "Любен Каравелов" - Русе

Обич за обич (Запис номер 104685)

MARC детайли
000 -Лидер
Контролно поле с фиксирана дължина 00937nam a2200277 c 4500
003 - Код на организацията, давaща контролен номер
Контролно поле BLK
005 - Дата и час на последна редакция
Контролно поле 20230311130832.0
008 - Елементи от данни с фиксирана дължина
fixed length control field 180409b bul|||||r ||||||| ||bul||
010 ## - Наследен системен номер
LC control number KNG00109795000
040 ## - Източник на каталожния запис
Идентификатор на билиотеката - собственик на записа BLK
041 ## - Код за език
Код за езика на текст/звукозапис или на отделно заглавие Български
Код за езика КДБФ Български
080 ## - УДК
Текстов определител УДК Българска литература
УДК код - определител по УДК 821.163.2
УДК определител -1
УДК - код + определител 821.163.2-1
100 1# - Редна дума - Автор
Автор Евтимов, Евтим Михалушев
Авторска отговорност първи автор
R(LIN) 365147
139 ## - Редно поле
Редна дума Евтимов, Евтим Михалушев
Авторски знак Евт - Е 22
245 10 - Сведения за заглавието
Заглавие Обич за обич
Подзаглавни данни Избрана лирика
Редно поле (дума) Евтим Михалушев Евтимов.
257 ## - Страна на издаване
Страна на създаване/издаване България
260 ## - Област на издателските данни
-- София
Име на издателя, разпространителя и проч. Бълг. писател
Година на издаване 1983
300 ## - Физическа характеристика
Страници 319 с.
Илюстрации и др. 1л. : портр.
Размери/Мащаб 21 см
380 ## - Жанр
Жанр Худож. лит.
500 ## - Общи забележки
Забележка Доп. тир. 1984
852 ## - Местоположение
Форматна сигнатура Цб 121596
856 4# - Електронен адрес и достъп
Електронен формат pdf - файл
Път до файла /url/
856 4# - Електронен адрес и достъп
Електронен формат pdf - файл
Път до файла /url/
942 ## - АРТИКУЛИ
Вид на библиотечния материал Книги
Скрит в OPAC Не
Koha issues (borrowed), all copies 5
944 ## - СЪЗДАВАНЕ И РЕДАКЦИЯ на ЗАПИСА
Създаване/Редакция Създаване
Дата на регистрацията/редакция 18.12.2003
Служител, извършил регистрацията/редакцията Цветанка_Енчева
944 ## - СЪЗДАВАНЕ И РЕДАКЦИЯ на ЗАПИСА
Създаване/Редакция Редакция
Дата на регистрацията/редакция 16.03.2018
Служител, извършил регистрацията/редакцията
999 ## - СИСТЕМНИ КОНТРОЛНИ НОМЕРА
Koha biblionumber 104685
Koha biblioitemnumber 104685
Наличности
Код за отписване Код за изгубен артикул Код за повреда Коз за рестрикции Код за отдаване Артикулен № Име на библиотеката - собственик Име на библиотеката, в която се намира в момента Статус (Текущо местоположение) Дата на вписване в системата Местоположение - отдел Цена в лева Инвентарен номер Систематично азбучна сигнатура Баркод Номер на екземпляра Цена в евро Служебна бележка Служебен тип на артикула Източник на класификационната схема
  Не е изгубен Не е повреден без рестрикции заемане за дома 169196 Регионална библиотека "Любен Каравелов" Русе Регионална библиотека "Любен Каравелов" Русе Заемна - подръчен фонд 2003-12-18 Заемна - подръчен фонд 6.00 120000681165 П 886.7-1/Е 22 120000681165 1 3.07 Дост: DA Вид: А N: 32 Дата: 18.12.2003 Дата инв: 15.02.2018 Бележки инв: П2018 Книги  
  Не е изгубен Не е повреден без рестрикции ползва се в читалня 169197 Регионална библиотека "Любен Каравелов" Русе Регионална библиотека "Любен Каравелов" Русе Хранилище 1983-01-01 Хранилище 1.97 378078 Цб 121596 120000378078 2 1.01 Дост: Dp Вид: Д N: стар фонд Дата: 01.01.1983 Книги Universal Decimal Classification
Изтеглен Не е изгубен Не е повреден без рестрикции заемане за дома 169198 Регионална библиотека "Любен Каравелов" Русе Регионална библиотека "Любен Каравелов" Русе Заемна - подръчен фонд 1983-01-01 Заемна - подръчен фонд 1.97 408809 П 886.7-1/Е 22 408809 3 1.01 Дост: Pk Вид: Ф N: стар фонд Дата: 01.01.1983 Книги Universal Decimal Classification
Изтеглен Не е изгубен Не е повреден без рестрикции заемане за дома 169199 Регионална библиотека "Любен Каравелов" Русе Регионална библиотека "Любен Каравелов" Русе Заемна - подръчен фонд 1983-01-01 Заемна - подръчен фонд 1.97 408807 П 88.7-1/Е 22 408807 4 1.01 Дост: Pk Вид: Ф N: стар фонд Дата: 01.01.1983 Книги Universal Decimal Classification
Vip Innovations Ltd, Rousse, Bulgaria 2025